000 00254nam a22001097a 4500
999 _c4412
_d4412
008 250217b ||||| |||| 00| 0 eng d
020 _a9781789893892
082 _a032
100 _aADAM HIBBERT
_eAUTHOR
245 _a100 FACTS WORLD WONDERS
942 _2ddc